| 000 | 01396nam a22003857a 4500 | ||
|---|---|---|---|
| 003 | CHAP | ||
| 005 | 20220817041840.0 | ||
| 008 | 971013s1955 r 10010 d | ||
| 010 | _a26466 | ||
| 011 | _a27438 | ||
| 035 | _a31539 | ||
| 040 | _cCHAP | ||
| 082 |
_a674.1063 _bC65 1954 |
||
| 111 | 0 | 0 |
_aConferencia sobre TecnologĂa de la Madera ( _n3 _d: 1954 _c: Paris) _926620 |
| 245 | _aInforme | ||
| 260 |
_aRoma : _bFAO, _c1955 |
||
| 300 |
_a204 p. _b: ilus. |
||
| 490 |
_aFAO. Cuaderno de Fomento Forestal _v; 7 |
||
| 590 |
_aBATCH-UPD _b10 _c20130110 _lUCH01 _h0137 |
||
| 590 |
_aBATCH-UPD _b10 _c20130110 _lUCH01 _h1945 |
||
| 590 |
_aBATCH-UPD _b10 _c20130409 _lUCH01 _h2134 |
||
| 590 |
_aBATCH-UPD _b10 _c20130410 _lUCH01 _h1307 |
||
| 590 |
_aBATCH-UPD _b10 _c20130914 _lUCH01 _h1030 |
||
| 590 |
_aCONVERSION _b10 _c20130109 _lUCH01 _h1315 |
||
| 650 | 1 | 4 |
_aMadera _xTecnologĂa _xCongresos. _969630 |
| 710 | 0 | _aFAO. | |
| 830 | 0 |
_aFAO. Cuaderno de Fomento Forestal _v; 7 _939505 |
|
| 901 | _aBK | ||
| 942 | _cLIBRO | ||
| 949 |
_a674.1063 C65 1954 _bBC _cBPA _d-73006 _eBPA _fc.3 _h25395 _i31539 _si |
||
| 949 |
_a674.1063 C65 1954 _bBC _cBPA _d-73008 _eBPA _fc.4 _h25396 _i31539 _si |
||
| 949 |
_a674.1063 C65 1954 _bBC _cBPA _d-73009 _eBPA _fc.5 _h25397 _i31539 _si |
||
| 949 |
_a674.1063 C65 1954 _bBC _cFAO _d-73004 _eFAO1 _h25394 _i31539 _si |
||
| 949 |
_a674.1063 C65 1954 _bBC _cFAO _d-73005 _eFAO2 _fc.2 _h25398 _i31539 _si |
||
| 999 |
_c26466 _d26466 |
||